00922nam a22001695i 4500001000700000003000900007005001700016008004100033040002000074100003500094245010300129260010800232300002100340500008500361852015300446852015300599164586ES-MaACL20230906212950.0050729s1848 sp | |||||||| ||spa d aCAM bspa cCAM1 aSánchez del Arco, Francisco.10aUrganda, la desconocida b: drama de magia, en prosa y verso / cpor Francisco Sánchez del Arco. aCadiz : bImprenta, libreria y litografia de la Revista Médica á cargo de Juan B. de Gaona, c1848. a91 p. ; c18 cm. aEn port.: Estrenóse en el teatro del Balon el dia 2 de mayo del año de 1845. aES-MaACLjF-8582 (2) z-- Enc. pasta española z-- Enc. en un vol. facticio formando parte de la col. facticia "Teatro español moderno", vol. 35 aES-MaACLjF-8582 (3) z-- Enc. pasta española z-- Enc. en un vol. facticio formando parte de la col. facticia "Teatro español moderno", vol. 35